Normal view
MARC view
Entry Término temático
001 - NÚMERO DE CONTROL
- campo de control: 44596
003 - IDENTIFICADOR DEL NÚMERO DE CONTROL
- campo de control: OSt
005 - FECHA Y HORA DE LA ÚLTIMA TRANSACCIÓN
- campo de control: 20200304124223.0
008 - DATOS DE LONGITUD FIJA
- campo de control de longitud fija: 200304|| aca||aabn | a|a d
040 ## - FUENTE DE LA CATALOGACIÓN
- Centro catalogador/agencia de origen: OSt
- Centro/agencia transcriptor: OSt
150 ## - ENCABEZAMIENTO--TÉRMINO DE MATERIA
- Término de materia o nombre geográfico como elemento de entrada: Química General
670 ## - FUENTE DE DATOS ENCONTRADOS
- Cita de la fuente: Work cat.: (OSt): Timberlake, Karen C 44595, Química una introducción a la Química General, Orgánica y Biológica /, 2011.